[Event "COL-ch sf"]
[Site "Santa Rosa"]
[Date "2021.08.12"]
[Round "2"]
[White "Rave Restrepo, Fabio"]
[Black "Gonzalez, Leandro"]
[Result "0-1"]
[WhiteElo "1600"]
[BlackElo "1711"]
[PlyCount "39"]
[EventDate "2021.08.11"]
[EventType "swiss"]
[EventRounds "11"]
[EventCountry "COL"]
[SourceTitle "CBM 204 Extra"]
[Source "ChessBase"]
[SourceDate "2021.11.30"]
[SourceVersion "1"]
[SourceVersionDate "2021.11.30"]
[SourceQuality "1"]

1. e4 c5 2. Nf3 Nc6 3. d4 cxd4 4. Nxd4 Nf6 5. Bd3 Nxd4 6. Be3 Nc6 7. 0-0 d6 8. h3 e5 9. c4 Be7 10. Nc3 0-0 11. a3 Be6 12. Nd5 Rc8 13. b4 Bxd5 14. cxd5 Nd4 15. Bxd4 exd4 16. f4 Rc3 17. Qd2 Qb6 18. Kh2 Re8 19. g3 Bf8 20. Rfe1 0-1